000 00228nam a2200097Ia 4500
001 918458
005 20250826185933.0
008 250824s9999 xx 000 0 und d
245 0 _aGORIOT BABA
_cBALZAC
260 _bANONİM YAYINLARI
999 _c918458
_d918458